Lorenzo Homar a los 80 años (Record no. 15738)
[ view plain ]
| 000 - LÍDER | |
|---|---|
| campo de control de longitud fija | 00906nam a2200205Ia 4500 |
| 008 - ELEMENTOS DE DATOS DE LONGITUD FIJA - INFORMACIÓN GENERAL | |
| campo de control de longitud fija | 0000001993 pr a 0000000000mul00 |
| 090 ## - NÚMERO DE LLAMADA DE TIPO LC LOCALMENTE ASIGNADO (OCLC) | |
| Número de clasificación (OCLC) (R) | PPR00 R83l |
| 100 1# - ENTRADA PRINCIPAL - NOMBRE PERSONAL | |
| Nombre de la persona | Ruiz de la Mata, Ernesto J. |
| 245 10 - TÍTULO DECLARACIÓN | |
| Título | Lorenzo Homar a los 80 años |
| Declaración de responsabilidad | / essay Ernesto J. Ruiz de la Mata ; photography Robert Moya, John Betancourt, Jochi Melero |
| 260 ## - PUBLICACIÓN, DISTRIBUCIÓN | |
| Lugar de publicación | San Juan (Puerto Rico) : Galeria Palomas |
| Fecha de publicación | 1993 |
| 300 ## - DESCRIPCIÓN FÍSICA | |
| Alcance | [24] p. |
| Dimensiones | / 24 cm. |
| 500 ## - NOTA GENERAL | |
| Nota general | Exposición realizada en la Galeria Palomas de San Juan de Puerto Rico en 1993 \ Incluye datos biográficos y cronología artística \ Texto en español e inglés |
| 600 00 - ENTRADA DE SUJETO AÑADIDO - NOMBRE PERSONAL | |
| Nombre de la persona | HOMAR, LORENZO, 19132004/ |
| Subdivisión general | TRABAJOS ARTISTICOS |
| 650 14 - ENTRADA DE SUJETO AÑADIDO - TÉRMINO TÓPICO | |
| Término tópico o elemento de entrada del nombre geográfico | PINTURA PUERTORRIQUEÑA |
| 650 14 - ENTRADA DE SUJETO AÑADIDO - TÉRMINO TÓPICO | |
| Término tópico o elemento de entrada del nombre geográfico | ARTE GRAFICO PUERTORRIQUEÑO |
| 650 14 - ENTRADA DE SUJETO AÑADIDO - TÉRMINO TÓPICO | |
| Subdivisión general | CATALOGOS |
| 650 14 - ENTRADA DE SUJETO AÑADIDO - TÉRMINO TÓPICO | |
| Término tópico o elemento de entrada del nombre geográfico | DIBUJOS PUERTORRIQUEÑOS |
| 650 14 - ENTRADA DE SUJETO AÑADIDO - TÉRMINO TÓPICO | |
| Subdivisión general | EXPOSICIONES |
| 650 14 - ENTRADA DE SUJETO AÑADIDO - TÉRMINO TÓPICO | |
| Término tópico o elemento de entrada del nombre geográfico | PINTORES PUERTORRIQUEÑOS |
| Estado de retirada | Pérdida de estatus | Estado dañado | No para préstamo | Código de recogida | Ubicación permanente | Ubicación actual | Ubicación de las estanterías | Fecha de adquisición | Número de llamada completo | Código de barras | Fecha de la última vez que se vio | Número de copia | Precio efectivo desde | Tipo de artículo Koha |
|---|---|---|---|---|---|---|---|---|---|---|---|---|---|---|
| General | ArtNexus | ArtNexus | General | 06/09/2022 | P-PR-00 R83L | 16052 | 06/09/2022 | Ej.1 | 06/09/2022 | Libro |